000 00380nam a2200145Ia 4500
008 230917s9999||||xx |||||||||||||| ||und||
040 _e8893
_aMAIN
041 _aEnglish
082 _a327.51 H859C
100 _aHsueh, Chun-Tu, ed.
245 0 _aChina's foreign relation: new perspecitives
260 _aNew York
_bPraeger Publishers
_c1982
300 _ax, 148 p.
942 _cBK
999 _c39978
_d39978